NBA's Biggest MVP Snubs of All-Time - Statistics

General Stats
  • This quiz has been taken 50 times
  • The average score is 7 of 10
Answer Stats
Year MVP winner Player Snubbed % Correct
1997 Karl Malone Michael Jordan
96%
2006 Steve Nash Kobe Bryant
91%
2011 Derrick Rose Lebron James
91%
1973 Dave Cowens Kareem Abdul-Jabbar
89%
1962 Bill Russell Wilt Chamberlain
89%
1964 Oscar Robertson Wilt Chamberlain
89%
2001 Allen Iverson Shaq O'neal
66%
1970 Willis Reed Jerry West
60%
1969 Wes Unseld Willis Reed
43%
1978 Bill Walton George Gervin
26%
No matching quizzes found
Score Distribution
Percent of People with Each Score
Percentile by Number Answered
Your Score History
You have not taken this quiz